000 00248nam a2200109Ia 4500
005 20251222144738.0
008 251222s9999||||xx |||||||||||||| ||spa||
082 _a362.709.85/A34
245 0 _aNiƱos de la Calle:
264 _bAlalay
942 _cLIB
999 _c18841
_d18841